| 000 | 00861nam a2200265Ia 4500 | ||
|---|---|---|---|
| 003 | OSt | ||
| 005 | 20221005042627.0 | ||
| 006 | a|||||r|||| 00| 0 | ||
| 007 | ta | ||
| 008 | 221004b |||||||| |||| 00| 0 eng d | ||
| 020 |
_a9780792307135 (pbk) _c1765.22 |
||
| 024 | _a96236 | ||
| 037 |
_b384, 02/03/2009, N. R. Book Distributors _cTextual |
||
| 040 |
_aCRL _cCRL _beng |
||
| 041 |
_2eng _aeng |
||
| 082 | _aR39(S), M2 | ||
| 100 | _aHusserl Edmund | ||
| 245 | 0 | _aIdeas pertaining to a pure phenomenology and to a phenomenological philosophy | |
| 260 |
_aDordrecht _bKluwer The Netherlands _c1989 |
||
| 300 |
_axix,439p. _ccm. |
||
| 490 | _aEdmind Husserl: Collected works; Vol.III | ||
| 650 | _aPHILOSOPHY | ||
| 942 |
_hR39(S), M2 _cTEXL _2cc |
||
| 999 |
_c950606 _d950606 |
||